Online
Catalog

La galleria Estense di modena / (Record no. 2226)

MARC details
000 -CABECERA
campo de control de longitud fija 00876cam a2200193 a 4500
001 - NÚMERO DE CONTROL
campo de control 000002386
005 - FECHA Y HORA DE LA ÚLTIMA TRANSACCIÓN
campo de control 20200929150206.0
008 - DATOS DE LONGITUD FIJA--INFORMACIÓN GENERAL
campo de control de longitud fija 760219s1967 it a 000 0 ita d
040 ## - FUENTE DE LA CATALOGACIÓN
Centro catalogador/agencia de origen DO-SdBNP
Lengua de catalogación spa
Centro/agencia modificador BNPHU
082 ## - NÚMERO DE LA CLASIFICACIÓN DECIMAL DEWEY
Número de clasificación xx
Número de documento/Ítem G423g
100 1# - ENTRADA PRINCIPAL--NOMBRE DE PERSONA
Nombre de persona Ghidiglia Quintavalle, Augusta.
9 (RLIN) 7579
245 13 - MENCIÓN DE TÍTULO
Título La galleria Estense di modena /
Mención de responsabilidad, etc. Augusta Ghidiglia Quintavalle.
260 ## - PUBLICACIÓN, DISTRIBUCIÓN, ETC.
Lugar de publicación, distribución, etc. Roma :
Nombre del editor, distribuidor, etc. Istituto Poligrafico dello Stato, Libreria,
Fecha de publicación, distribución, etc. 1967.
300 ## - DESCRIPCIÓN FÍSICA
Extensión 85 p. :
Otras características físicas il. ;
Dimensiones 19cm.
490 1# - MENCIÓN DE SERIE
Mención de serie Ministero della Pubblica Istruzione. Direzione Generale delle Antichità e belle Arti. Itinerari dei musei gallerie e monumenti d'Italia,
Designación de volumen o secuencia 25
500 ## - NOTA GENERAL
Nota general "102 ilustraciones".
610 20 - PUNTO DE ACCESO ADICIONAL DE MATERIA--NOMBRE DE ENTIDAD CORPORATIVA
Nombre de entidad corporativa o nombre de jurisdicción como elemento de entrada Galleria estense di Modena.
9 (RLIN) 7580
830 #0 - PUNTO DE ACCESO ADICIONAL DE SERIE-TÍTULO UNIFORME
Título uniforme Ministero della Pubblica Istruzione. Direzione Generale delle Antichità e belle Arti. Itinerari dei musei gallerie e monumenti d'Italia,
Designación de volumen o secuencia 25
9 (RLIN) 7581
Holdings
Estado de retiro Estado de pérdida Restricciones de uso No para préstamo Código de colección Localización permanente Ubicación/localización actual Ubicación en estantería Fecha de adquisición Número de inventario Total de préstamos Signatura topográfica completa Código de barras Fecha visto por última vez Precio válido a partir de Tipo de ítem Koha
    Préstamo interno   Monografías: Libros y Folletos General General En catalogación 22.09.2009 LF1   xx G423g 2386-10 25.06.2020 25.06.2020 Préstamo interno

Powered by Koha